000
00277nam a2200121Ia 4500
100
_a
IBM Coporation
942
_c
BK
654
_a
PC/AT Technical Service
245
_a
PC/AT Technical Service
260
_b
International B..M. Coraporation
546
_a
ENGLISH
999
_c
18417
_d
18417